000
00346nam a2200145 a 4500
005
20140412111424.0
008
080205s19uu xx 00 eng d
020
_a
81-7862-223-8
050
_a
TR(PS E
_b
Co83 2004
245
_a
Courtesy.
260
_a
UK :
_b
New Dawn Press,
_c
2004.
300
_a
30p.
440
_a
Know about
999
_c
106159
_d
106159